[Event "XXIV Miedzynarodowe Mistrzostwa Polski Duchowienstwa w szachach klasycznych"]
[Site "AKSiM w Toruniu ul. Droga Starotorunska 3"]
[Date "1899-12-30"]
[Round "1.1"]
[White "Kopaczewski, Adam"]
[Black "Januszewski, Marek"]
[Result "0-1"]
[WhiteTitle "I++"]
[BlackTitle "II"]
[WhiteElo "2096"]
[BlackElo "1628"]

1. e4 e5 2. d4 exd4 3. Qxd4 Nc6 4. Qe3 Nf6 5. Bd2 Bb4 6. Nc3 O-O 7. O-O-O Re8 8.
Bc4 Ne5 9. Bb3 d6 10. Qe2 Nc6 11. f3 Nd4 12. Bxf7+ Kxf7 13. Qc4+ Be6 14. Qxb4
c5 15. Qxb7+ Re7 16. Qa6 Rb8 17. Be3 Rb6 18. Qa3 Qc8 19. Bxd4 Ra6 20. Na4 cxd4
21. Rxd4 Rc7 22. Rd2 Bd7 23. b3 Bxa4 24. bxa4 Rc3 25. Qb4 Rc4 26. Qb3 Rb6 27.
Qd3 Rc3 28. Qd4 Rc4 29. Qf2 Rcb4 30. Rd3 Rb1+ 31. Kd2 Rc6 32. Qxa7+ Rb7 33. Qd4
Rc4 34. Qxd6 Rxc2+ 35. Ke3 Rd7 36. Qe5 Rxd3+ 37. Kxd3 Qc4+ 38. Ke3 Qb4 39. Qd4
Qe1+ 40. Kf4 Qc1+ 41. Ke5 Qg5+ 42. Kd6 Ne8+ 43. Kd7 Qe7# 0-1

[Event "XXIV Miedzynarodowe Mistrzostwa Polski Duchowienstwa w szachach klasycznych"]
[Site "AKSiM w Toruniu ul. Droga Starotorunska 3"]
[Date "1899-12-30"]
[Round "1.2"]
[White "Natoniewski, Sebastian"]
[Black "Drazek, Dariusz"]
[Result "1/2-1/2"]
[WhiteTitle "II"]
[BlackTitle "I"]
[WhiteElo "1621"]
[BlackElo "1812"]

1. d4 Nf6 2. c4 c5 3. e3 g6 4. Nf3 Bg7 5. Be2 O-O 6. O-O cxd4 7. exd4 d5 8. c5
Nc6 9. Nc3 Ne4 10. Be3 Nxc5 11. dxc5 d4 12. Nxd4 Nxd4 13. Rc1 Nxe2+ 14. Qxe2 Be6
15. Rfd1 Qa5 16. a3 Rad8 17. Qc2 Rxd1+ 18. Rxd1 Rd8 19. Rxd8+ Qxd8 20. Qd2 Qxd2
21. Bxd2 Bb3 22. Be3 a6 23. Kf1 f5 24. h4 Kf7 25. Ke2 e5 26. f4 Ke6 27. g3 Kd7
28. fxe5 Bxe5 29. Kf3 Kc6 30. Bf4 Bd4 31. Bd6 b6 32. Kf4 bxc5 33. Be5 h6 34. Ne2
Kd5 35. Nxd4 cxd4 36. Bg7 h5 37. Kf3 Bc2 1/2-1/2

[Event "XXIV Miedzynarodowe Mistrzostwa Polski Duchowienstwa w szachach klasycznych"]
[Site "AKSiM w Toruniu ul. Droga Starotorunska 3"]
[Date "1899-12-30"]
[Round "1.3"]
[White "Sola, Wojciech"]
[Black "Mazur, Jan"]
[Result "1-0"]
[WhiteTitle "I"]
[BlackTitle "II"]
[WhiteElo "1812"]
[BlackElo "1616"]

1. c4 g6 2. Nc3 Bg7 3. g3 c6 4. Bg2 Nf6 5. Nf3 d5 6. cxd5 Nxd5 7. d4 Bg4 8. O-O
O-O 9. h3 Bxf3 10. Bxf3 e6 11. e3 Nd7 12. Qb3 N7b6 13. Nxd5 exd5 14. Be2 Qd7 15.
Kg2 Rae8 16. Bd3 Nc8 17. Bd2 Kh8 18. Bb4 Rg8 19. a4 f5 20. a5 a6 21. Bc5 Bf8 22.
Qc3 Nd6 23. b4 Ne4 24. Qc2 Bxc5 25. bxc5 h5 26. h4 Qc7 27. Rab1 g5 28. Bxe4 fxe4
29. hxg5 Rxg5 30. Rh1 Qf7 31. Qe2 Rf8 32. Rh4 Rf5 33. Rf4 Rxf4 34. exf4 Kh7 35.
Rh1 Kh6 36. Qg4 Qg6 37. Qxg6+ Kxg6 38. Rb1 Rf7 39. f3 Kf5 40. Rh1 Kg6 41. fxe4
dxe4 42. Kf2 Re7 43. Ke3 Re6 44. Rh4 Re7 45. Rh2 Re6 46. f5+ Kxf5 47. Rxh5+ Kg4
48. Rh7 Kxg3 49. Rg7+ Kh4 50. Rxb7 Rg6 51. Rb6 Kg3 52. Kxe4 Rg4+ 53. Ke5 Rg5+
54. Kd6 Rd5+ 55. Kxc6 Rxd4 56. Kb7 Rd8 57. c6 1-0

[Event "XXIV Miedzynarodowe Mistrzostwa Polski Duchowienstwa w szachach klasycznych"]
[Site "AKSiM w Toruniu ul. Droga Starotorunska 3"]
[Date "1899-12-30"]
[Round "1.4"]
[White "Szadkowski, Kamil"]
[Black "Mejzner, Miroslaw"]
[Result "1-0"]
[WhiteTitle "II"]
[BlackTitle "I"]
[WhiteElo "1566"]
[BlackElo "1811"]

1. e4 e5 2. Nf3 Nc6 3. d4 exd4 4. Nxd4 Nf6 5. Nc3 Bb4 6. Bg5 Qe7 7. f3 Qc5 8. Nf5
Nh5 9. Qd3 g6 10. Be3 Qe5 11. Nd4 Nf4 12. Qd2 Ne6 13. Nxc6 bxc6 14. Bc4 Bc5 15.
Bxe6 fxe6 16. Bf4 Qf6 17. e5 Qh4+ 18. g3 Qh5 19. Rf1 Ba6 20. g4 Qh3 21. O-O-O
Bxf1 22. Qxd7+ Kf8 23. Qxc6 Re8 24. Qxc5+ Kg8 25. Ne4 g5 26. Bxg5 Kf7 27. Qe3
Qxh2 28. Bf6 Rhf8 29. Rd7+ Kg8 30. Qg5# 1-0

[Event "XXIV Miedzynarodowe Mistrzostwa Polski Duchowienstwa w szachach klasycznych"]
[Site "AKSiM w Toruniu ul. Droga Starotorunska 3"]
[Date "1899-12-30"]
[Round "1.5"]
[White "Bak, Stanislaw"]
[Black "Bartoszek, Krzysztof"]
[Result "1-0"]
[WhiteTitle "I"]
[BlackTitle "III"]
[WhiteElo "1788"]
[BlackElo "1527"]

1. e4 e5 2. Nf3 Nc6 3. Bb5 Nd4 4. Nxd4 exd4 5. d3 c6 6. Bc4 Bb4+ 7. Bd2 Bxd2+ 8.
Nxd2 Ne7 9. Nf3 d5 10. exd5 cxd5 11. Bb5+ Bd7 12. Bxd7+ Qxd7 13. Nxd4 O-O 14.
O-O Nf5 15. Qg4 g6 16. Nxf5 Qxf5 17. Qxf5 gxf5 18. d4 f4 19. Rfe1 Rfe8 20. Kf1
Re4 21. c3 Rae8 22. Rxe4 dxe4 23. f3 f5 24. Kf2 e3+ 25. Ke2 Kf7 26. g3 fxg3 27.
hxg3 Rg8 28. Rh1 Rxg3 29. Kxe3 Kg6 30. Kf2 Rg5 31. d5 h5 32. Rg1 f4 33. c4 h4
34. Rxg5+ Kxg5 35. c5 Kf6 36. b4 Ke5 37. d6 Ke6 38. Kg2 b6 39. Kh3 a5 40. a3 axb4
41. axb4 Kd7 42. Kxh4 bxc5 43. bxc5 1-0

[Event "XXIV Miedzynarodowe Mistrzostwa Polski Duchowienstwa w szachach klasycznych"]
[Site "AKSiM w Toruniu ul. Droga Starotorunska 3"]
[Date "1899-12-30"]
[Round "1.6"]
[White "Domaraczenko, Krzysztof"]
[Black "Jakubiak, Karol"]
[Result "0-1"]
[WhiteTitle "II"]
[BlackTitle "II+"]
[WhiteElo "1510"]
[BlackElo "1756"]

1. e4 Nf6 2. e5 Nd5 3. c4 Nb6 4. c5 Nd5 5. Bc4 e6 6. d4 d6 7. cxd6 cxd6 8. Nf3
dxe5 9. Nxe5 Bb4+ 10. Bd2 O-O 11. O-O Nc6 12. Qg4 Nf6 13. Qf4 Bxd2 14. Nxd2 Qxd4
15. Qxd4 Nxd4 16. Rad1 b6 17. Nb1 Nf5 18. Nc3 Bb7 19. Ne2 Rfd8 20. Nd3 Nh4 21.
f3 Nf5 22. Nef4 Ne3 23. Bb3 Nxf1 24. Kxf1 Ba6 25. Ke2 e5 26. Nh3 e4 27. fxe4 Nxe4
28. Bc2 Rac8 29. Bb1 Rd6 30. Ke3 Re8 31. Kf3 Nc5 32. Nhf2 Rf6+ 33. Kg3 Re3+ 34.
Kg4 Bc8+ 35. Kh4 Rh6+ 36. Kg5 Ne6+ 37. Kg4 g6 38. Nf4 f5+ 39. Bxf5 gxf5+ 40. Kxf5
Nxf4+ 41. Kxf4 Re8 42. h3 Rf6+ 43. Kg3 Re3+ 44. Kh2 Rxf2 45. Rd8+ Rf8 46. Rd2
Bb7 47. Rd7 Rf7 48. Rd8+ Kg7 0-1

[Event "XXIV Miedzynarodowe Mistrzostwa Polski Duchowienstwa w szachach klasycznych"]
[Site "AKSiM w Toruniu ul. Droga Starotorunska 3"]
[Date "1899-12-30"]
[Round "1.7"]
[White "Pawlowski, Slawomir"]
[Black "Rembecki, Robert"]
[Result "1-0"]
[WhiteTitle "I"]
[BlackTitle "II"]
[WhiteElo "1729"]
[BlackElo "1506"]

1. c4 e5 2. Nc3 Nf6 3. g3 c6 4. Nf3 e4 5. Nd4 Bc5 6. Nb3 Bb6 7. Bg2 d5 8. c5 Bc7
9. O-O O-O 10. d3 exd3 11. exd3 Bf5 12. Nd4 Bg6 13. b4 Be5 14. Be3 Nbd7 15. f4
Bc7 16. h3 h6 17. Qd2 a5 18. a3 Re8 19. Bf2 Qb8 20. Nce2 Kh8 21. Rfb1 Ng8 22.
Qc3 Bd8 23. Bf3 Bf6 24. Qc2 axb4 25. axb4 Qc7 26. Rxa8 Rxa8 27. b5 Ra3 28. b6
Qd8 29. Rb3 Qa8 30. g4 Ra1+ 31. Kg2 Ra2 32. Qc3 Qa6 33. h4 Qa4 34. g5 hxg5 35.
hxg5 Bxd4 36. Bxd4 f6 37. Rb1 Rc2 38. Rh1+ Bh7 39. Qa1 Ra2 40. Qg1 Ne7 41. Qh2
Nf8 42. Bc3 d4 43. gxf6 dxc3 44. fxg7+ Kxg7 45. Qh6+ Kf7 46. Bh5+ Bg6 47. Kf3
c2 48. Ng3 1-0

[Event "XXIV Miedzynarodowe Mistrzostwa Polski Duchowienstwa w szachach klasycznych"]
[Site "AKSiM w Toruniu ul. Droga Starotorunska 3"]
[Date "1899-12-30"]
[Round "1.8"]
[White "Kubasik, Adam"]
[Black "Dyrda, Konrad"]
[Result "0-1"]
[WhiteTitle "III"]
[BlackTitle "II"]
[WhiteElo "1479"]
[BlackElo "1679"]

1. b4 e5 2. a3 a5 3. b5 c6 4. bxc6 Nxc6 5. Bb2 d5 6. e3 Nf6 7. Bb5 Bd6 8. Nf3 Bg4
9. Be2 O-O 10. O-O Qb6 11. Bc1 Rfd8 12. Ne1 Bf5 13. Nc3 d4 14. Rb1 Qc7 15. Nb5
Qe7 16. Nxd6 Rxd6 17. a4 Nd5 18. Ba3 Ncb4 19. Bd3 e4 20. Bb5 Qh4 21. g3 Qh3 22.
f3 Rh6 23. Rf2 dxe3 24. Rg2 exf3 25. Qxf3 Rf6 26. Bxb4 Bd3 27. Qxd5 Rf1# 0-1

[Event "XXIV Miedzynarodowe Mistrzostwa Polski Duchowienstwa w szachach klasycznych"]
[Site "AKSiM w Toruniu ul. Droga Starotorunska 3"]
[Date "1899-12-30"]
[Round "2.1"]
[White "Dyrda, Konrad"]
[Black "Sola, Wojciech"]
[Result "0-1"]
[WhiteTitle "II"]
[BlackTitle "I"]
[WhiteElo "1679"]
[BlackElo "1812"]

1. d4 Nf6 2. c4 g6 3. Nc3 Bg7 4. e4 d6 5. Nf3 O-O 6. Be2 Nc6 7. Be3 e5 8. dxe5
dxe5 9. Qxd8 Rxd8 10. O-O Nd4 11. Bg5 Nxe2+ 12. Nxe2 h6 13. Bxf6 Bxf6 14. h3 Be6
15. b3 Rd3 16. Rfd1 Rad8 17. Rxd3 Rxd3 18. Rc1 Bxh3 19. Nc3 Bg4 20. Ne1 Rd7 21.
f3 Be6 22. Rd1 Rxd1 23. Nxd1 Be7 24. Nd3 f6 25. Kf2 h5 26. Ne3 c6 27. b4 Kf7 28.
a4 Bd8 29. Ke2 Bc7 30. Nc5 Bc8 31. Nd3 f5 32. exf5 gxf5 33. Nf2 a5 34. b5 Be6
35. Nd3 f4 36. Nf1 Bxc4 37. bxc6 bxc6 38. Nd2 Ba6 39. Ne4 Bb6 40. Kd2 Bd4 41.
Nec5 Bc4 42. Nb7 Bb3 43. Nxa5 Bxa4 44. Nc4 Kf6 45. Nd6 Bb3 46. Ne4+ Ke7 47. Ndc5
Bc4 48. Nd3 Bb5 49. Nec5 Bxc5 50. Nxc5 Bf1 51. Nd3 0-1

[Event "XXIV Miedzynarodowe Mistrzostwa Polski Duchowienstwa w szachach klasycznych"]
[Site "AKSiM w Toruniu ul. Droga Starotorunska 3"]
[Date "1899-12-30"]
[Round "2.2"]
[White "Januszewski, Marek"]
[Black "Bak, Stanislaw"]
[Result "1-0"]
[WhiteTitle "II"]
[BlackTitle "I"]
[WhiteElo "1628"]
[BlackElo "1788"]

1. d4 d5 2. c4 e6 3. Nf3 Nf6 4. Bg5 Be7 5. Nc3 O-O 6. e3 b6 7. cxd5 Nxd5 8. Nxd5
exd5 9. Bxe7 Qxe7 10. Bd3 Bg4 11. Qc2 Bxf3 12. gxf3 g6 13. Rg1 c5 14. dxc5 bxc5
15. b3 Nd7 16. f4 f5 17. Ke2 Kh8 18. Rg5 Rac8 19. Rag1 c4 20. bxc4 Qe6 21. Qb2+
Nf6 22. Rc1 Rb8 23. Qa3 d4 24. Qxa7 dxe3 25. Qxe3 Qc6 26. Qd4 Rfe8+ 27. Kf1 Qh1+
28. Rg1 Qc6 29. c5 Rbd8 30. Qc3 Rd5 31. a4 Rc8 32. Bb5 Qe6 33. c6 Kg8 34. Bc4
Ne4 35. Bxd5 Qxd5 36. Qe3 Nd2+ 37. Ke2 Nc4 38. Qe7 Qxc6 39. Rgd1 Re8 40. Rd8 Rxd8
41. Qxd8+ Kf7 42. Qd4 Qe6+ 43. Kf1 Nd6 44. Rc7+ 1-0

[Event "XXIV Miedzynarodowe Mistrzostwa Polski Duchowienstwa w szachach klasycznych"]
[Site "AKSiM w Toruniu ul. Droga Starotorunska 3"]
[Date "1899-12-30"]
[Round "2.3"]
[White "Jakubiak, Karol"]
[Black "Szadkowski, Kamil"]
[Result "1-0"]
[WhiteTitle "II+"]
[BlackTitle "II"]
[WhiteElo "1756"]
[BlackElo "1566"]

1. e4 d6 2. d4 e6 3. Nf3 Be7 4. Nc3 Nf6 5. Be3 O-O 6. Bd3 Nbd7 7. O-O c6 8. Qd2
e5 9. h3 Qc7 10. Rad1 b5 11. a3 Bb7 12. Ne1 exd4 13. Bxd4 a6 14. Be3 d5 15. exd5
cxd5 16. Nf3 Bc5 17. b4 Bxe3 18. Qxe3 Qxc3 19. Bxh7+ Nxh7 20. Qxc3 Rac8 21. Qd3
Nb6 22. Rfe1 Na4 23. Re7 Rc3 24. Qf5 g6 25. Qe5 Bc6 26. Nd4 Ba8 27. Ne6 f6 28.
Rg7+ Kh8 29. Rxh7+ Kxh7 30. Nxf8+ Kh6 31. Qxf6 1-0

[Event "XXIV Miedzynarodowe Mistrzostwa Polski Duchowienstwa w szachach klasycznych"]
[Site "AKSiM w Toruniu ul. Droga Starotorunska 3"]
[Date "1899-12-30"]
[Round "2.4"]
[White "Grela, Franciszek"]
[Black "Pawlowski, Slawomir"]
[Result "0-1"]
[WhiteTitle "II"]
[BlackTitle "I"]
[WhiteElo "1555"]
[BlackElo "1729"]

1. f4 d5 2. Nf3 Nf6 3. e3 c5 4. Be2 e6 5. Ne5 Nc6 6. Nxc6 bxc6 7. b3 Be7 8. Bb2
a5 9. a4 Ba6 10. Bxa6 Rxa6 11. Qe2 Ra8 12. O-O O-O 13. f5 Qc7 14. g4 Ne4 15. d3
Ng5 16. Qg2 h6 17. f6 Bxf6 18. Bxf6 gxf6 19. Rxf6 Qe5 20. Rxh6 Qxa1 21. Qf1 Qg7
22. Qf6 Qxf6 23. Rxf6 Kg7 24. Rf1 Rh8 25. Kg2 Rh4 26. Kg3 Rah8 27. Rh1 Rh3+ 28.
Kf4 Rf3+ 29. Kxg5 f6# 0-1

[Event "XXIV Miedzynarodowe Mistrzostwa Polski Duchowienstwa w szachach klasycznych"]
[Site "AKSiM w Toruniu ul. Droga Starotorunska 3"]
[Date "1899-12-30"]
[Round "2.6"]
[White "Drazek, Dariusz"]
[Black "Kopaczewski, Adam"]
[Result "0-1"]
[WhiteTitle "I"]
[BlackTitle "I++"]
[WhiteElo "1812"]
[BlackElo "2096"]

1. e4 e5 2. Nf3 Nc6 3. Bb5 a6 4. Ba4 d6 5. O-O Bg4 6. h3 Bh5 7. c3 Qf6 8. g4 Bg6
9. d3 h5 10. Bb3 Qe7 11. Kg2 hxg4 12. hxg4 Qd7 13. Nh2 Nf6 14. f3 Be7 15. Rh1
O-O-O 16. Be3 d5 17. Nd2 dxe4 18. dxe4 Bc5 19. Bg5 Nh5 20. Nhf1 Nf4+ 21. Bxf4
exf4 22. Qe2 Qe7 23. Rxh8 Rxh8 24. Nh2 Qh4 25. Ndf1 Ne5 26. Bd1 Nxg4 27. fxg4
Bxe4+ 28. Qxe4 Qf2+ 29. Kh1 Qg1# 0-1

[Event "XXIV Miedzynarodowe Mistrzostwa Polski Duchowienstwa w szachach klasycznych"]
[Site "AKSiM w Toruniu ul. Droga Starotorunska 3"]
[Date "1899-12-30"]
[Round "2.7"]
[White "Mejzner, Miroslaw"]
[Black "Domaraczenko, Krzysztof"]
[Result "1-0"]
[WhiteTitle "I"]
[BlackTitle "II"]
[WhiteElo "1811"]
[BlackElo "1510"]

1. e4 e5 2. Nf3 Nc6 3. Bc4 Bc5 4. c3 Nf6 5. d4 exd4 6. cxd4 Bb6 7. e5 Ng8 8. Bg5
Nge7 9. d5 Nb8 10. d6 cxd6 11. exd6 Bxf2+ 12. Kxf2 Qb6+ 13. Kf1 Qxb2 14. Bxe7
Qb4 15. Qd5 1-0

[Event "XXIV Miedzynarodowe Mistrzostwa Polski Duchowienstwa w szachach klasycznych"]
[Site "AKSiM w Toruniu ul. Droga Starotorunska 3"]
[Date "1899-12-30"]
[Round "2.8"]
[White "Rembecki, Robert"]
[Black "Kuzio, Andrzej"]
[Result "1/2-1/2"]
[WhiteTitle "II"]
[BlackTitle "II"]
[WhiteElo "1506"]
[BlackElo "1664"]

1. e4 e5 2. Nf3 Nc6 3. Bc4 Bc5 4. c3 Nf6 5. O-O Nxe4 6. d4 exd4 7. Re1 d5 8. Bd3
Bf5 9. Nxd4 Nxd4 10. cxd4 Be7 11. Nc3 Nxc3 12. bxc3 Bxd3 13. Qxd3 O-O 14. Re3
Qd6 15. a4 Qf6 16. Re5 Bd6 17. Bg5 Qg6 18. Qxg6 fxg6 19. Rxd5 Rae8 20. Be3 Re6
21. g3 Rf5 22. Rb5 b6 23. Rb2 h5 24. Kg2 c5 25. dxc5 Bxc5 26. Bd4 Bxd4 27. cxd4
Rd5 28. Rd1 Red6 1/2-1/2

[Event "XXIV Miedzynarodowe Mistrzostwa Polski Duchowienstwa w szachach klasycznych"]
[Site "AKSiM w Toruniu ul. Droga Starotorunska 3"]
[Date "1899-12-30"]
[Round "2.9"]
[White "Mazur, Jan"]
[Black "Kubasik, Adam"]
[Result "1-0"]
[WhiteTitle "II"]
[BlackTitle "III"]
[WhiteElo "1616"]
[BlackElo "1479"]

1. e4 e5 2. Bc4 Nf6 3. d3 h6 4. Nf3 d6 5. h3 Be7 6. Nc3 O-O 7. Be3 a6 8. g4 Nh7
9. Nd5 b5 10. Nxe7+ Qxe7 11. Bb3 Be6 12. Qd2 Bxb3 13. axb3 f6 14. h4 Nc6 15. c3
Nd8 16. Ke2 Ne6 17. b4 c5 18. Rag1 cxb4 19. cxb4 a5 20. g5 fxg5 21. hxg5 Nf4+
22. Bxf4 exf4 23. gxh6 g5 24. Rh5 Rf5 25. bxa5 d5 26. Kf1 dxe4 27. dxe4 Rc5 28.
Qxf4 Kh8 29. Qe3 Rac8 30. Qd4+ Qf6 31. Qxf6+ Nxf6 32. Rhxg5 Rc1+ 33. Kg2 Rxg1+
34. Kxg1 Nxe4 35. Rxb5 Rc1+ 36. Kg2 Rc2 37. a6 Rxf2+ 38. Kg1 Rxf3 39. a7 Rg3+
40. Kh2 1-0

[Event "XXIV Miedzynarodowe Mistrzostwa Polski Duchowienstwa w szachach klasycznych"]
[Site "AKSiM w Toruniu ul. Droga Starotorunska 3"]
[Date "1899-12-30"]
[Round "3.1"]
[White "Sola, Wojciech"]
[Black "Januszewski, Marek"]
[Result "1-0"]
[WhiteTitle "I"]
[BlackTitle "II"]
[WhiteElo "1812"]
[BlackElo "1628"]

1. c4 e5 2. Nc3 Nf6 3. g3 d5 4. cxd5 Nxd5 5. Bg2 Nb6 6. d3 Nc6 7. Nf3 Be7 8. O-O
O-O 9. b3 f5 10. Bb2 Bf6 11. b4 a6 12. a4 Nd4 13. a5 Nd7 14. Nxd4 exd4 15. Nd5
c6 16. Nxf6+ Nxf6 17. Qb3+ Kh8 18. Qc4 Qe7 19. Rfe1 Be6 20. Qxd4 Rad8 21. Qc5
Qe8 22. Rac1 Bd5 23. e4 fxe4 24. dxe4 Bg8 25. Rcd1 Nxe4 26. Qe5 Nf6 27. f4 Rxd1
28. Rxd1 h6 29. Qc5 Qf7 30. Qd6 Qb3 31. Qd2 Ng4 32. Rc1 Rf7 33. Qc3 Qe6 34. Bh3
h5 35. Bg2 Qe7 36. Bf3 Bh7 37. Qc5 Qxc5+ 38. bxc5 Re7 1-0

[Event "XXIV Miedzynarodowe Mistrzostwa Polski Duchowienstwa w szachach klasycznych"]
[Site "AKSiM w Toruniu ul. Droga Starotorunska 3"]
[Date "1899-12-30"]
[Round "3.2"]
[White "Pawlowski, Slawomir"]
[Black "Jakubiak, Karol"]
[Result "1/2-1/2"]
[WhiteTitle "I"]
[BlackTitle "II+"]
[WhiteElo "1729"]
[BlackElo "1756"]

1. c4 e5 2. Nc3 Nf6 3. g3 Bc5 4. e3 d5 5. d4 exd4 6. exd4 Be7 7. cxd5 Nxd5 8. Bg2
Nf6 9. Nf3 O-O 10. O-O c6 11. Re1 Na6 12. Ne5 Bb4 13. a3 Bd6 14. Bf4 Nc7 15. Qc2
Be6 16. Bg5 h6 17. Bxf6 Qxf6 18. Ne4 Qd8 19. Rad1 Nd5 20. Nc4 Bc7 21. Nc5 Bc8
22. h3 Qg5 23. Ne4 Qh5 24. Qe2 Qxe2 25. Rxe2 Be6 26. Ne5 Rad8 27. Nc4 Bc8 28.
Red2 Rfe8 1/2-1/2

[Event "XXIV Miedzynarodowe Mistrzostwa Polski Duchowienstwa w szachach klasycznych"]
[Site "AKSiM w Toruniu ul. Droga Starotorunska 3"]
[Date "1899-12-30"]
[Round "3.3"]
[White "Natoniewski, Sebastian"]
[Black "Mejzner, Miroslaw"]
[Result "1/2-1/2"]
[WhiteTitle "II"]
[BlackTitle "I"]
[WhiteElo "1621"]
[BlackElo "1811"]

1. d4 Nf6 2. c4 e6 3. Nc3 Bb4 4. Qc2 O-O 5. a3 Bxc3+ 6. Qxc3 Ne4 7. Qc2 d5 8. Nf3
Nd7 9. e3 b6 10. Bd3 f5 11. cxd5 exd5 12. O-O c5 13. dxc5 Ndxc5 14. b4 Nxd3 15.
Qxd3 Bb7 16. Bb2 Rc8 17. Rac1 Qd7 18. Nd2 Bc6 19. Qd4 Nf6 20. Nf3 Bb5 21. Rfe1
Bc4 22. Ne5 Qe6 23. Rc2 a6 24. Rec1 b5 25. h3 Rc7 26. Qf4 h6 27. Nxc4 Rxc4 28.
Qe5 Qxe5 29. Bxe5 Ne4 30. f3 Nd2 31. Rxc4 Nxc4 32. Bd4 f4 33. Rc3 fxe3 34. Bxe3
Re8 35. Bc5 Re2 36. Rd3 Rd2 37. Rxd2 Nxd2 38. Be3 Nc4 39. Bc1 Kf7 40. Kf2 Ke6
41. f4 d4 42. Ke2 h5 43. Kd3 Kd5 44. g4 g6 45. gxh5 gxh5 46. f5 Ke5 47. f6 Kxf6
1/2-1/2

[Event "XXIV Miedzynarodowe Mistrzostwa Polski Duchowienstwa w szachach klasycznych"]
[Site "AKSiM w Toruniu ul. Droga Starotorunska 3"]
[Date "1899-12-30"]
[Round "3.4"]
[White "Kopaczewski, Adam"]
[Black "Grela, Franciszek"]
[Result "1-0"]
[WhiteTitle "I++"]
[BlackTitle "II"]
[WhiteElo "2096"]
[BlackElo "1555"]

1. e4 g6 2. Nc3 Bg7 3. d4 d6 4. Be3 Nc6 5. Qd2 f5 6. f3 fxe4 7. fxe4 Nf6 8. Nf3
O-O 9. O-O-O Ng4 10. Bc4+ Kh8 11. Bg5 h6 12. h3 Nf6 13. Bxh6 Nh7 14. d5 Na5 15.
Bd3 b6 16. e5 Bf5 17. Bxg7+ Kxg7 18. Nd4 Bxd3 19. Ne6+ Kg8 20. Nxd8 Raxd8 21.
Qxd3 1-0

[Event "XXIV Miedzynarodowe Mistrzostwa Polski Duchowienstwa w szachach klasycznych"]
[Site "AKSiM w Toruniu ul. Droga Starotorunska 3"]
[Date "1899-12-30"]
[Round "3.6"]
[White "Szadkowski, Kamil"]
[Black "Dyrda, Konrad"]
[Result "0-1"]
[WhiteTitle "II"]
[BlackTitle "II"]
[WhiteElo "1566"]
[BlackElo "1679"]

1. e4 c5 2. Nf3 Nc6 3. d4 cxd4 4. Nxd4 Nf6 5. Nc3 e5 6. Nde2 Bc5 7. Bg5 Bxf2+ 8.
Kxf2 Ng4+ 9. Ke1 Qxg5 10. h3 Qh4+ 11. g3 Qh6 12. Nd5 O-O 13. Nec3 Nd4 14. Bg2
Ne3 15. Nxe3 Qxe3+ 16. Ne2 b6 17. c3 Nxe2 18. Qxe2 Qxg3+ 19. Kd1 Ba6 20. Qf3 Qxf3+
21. Bxf3 Rad8 22. Kc2 f5 23. exf5 Rxf5 24. Bd5+ Kf8 25. Kb3 Ke7 26. Be4 Rh5 27.
Rad1 Rh4 28. Bd5 d6 29. Rhg1 g6 30. Rg3 Rf8 31. a4 Bc8 32. Bg2 a5 33. c4 Rff4
34. Bf1 Be6 35. Rc1 d5 36. Rgc3 dxc4+ 37. Bxc4 Bxc4+ 38. Rxc4 Rxc4 39. Rxc4 Rxc4
40. Kxc4 Kd6 41. h4 h6 42. Kd3 Kd5 43. b3 g5 44. h5 e4+ 45. Ke3 Ke5 46. Ke2 Kf4
47. Ke1 Kf3 0-1

[Event "XXIV Miedzynarodowe Mistrzostwa Polski Duchowienstwa w szachach klasycznych"]
[Site "AKSiM w Toruniu ul. Droga Starotorunska 3"]
[Date "1899-12-30"]
[Round "3.7"]
[White "Bartoszek, Krzysztof"]
[Black "Mazur, Jan"]
[Result "1-0"]
[WhiteTitle "III"]
[BlackTitle "II"]
[WhiteElo "1527"]
[BlackElo "1616"]

1. c4 e5 2. Nc3 c6 3. e4 Nf6 4. g3 Bc5 5. Bg2 O-O 6. Nge2 Qb6 7. O-O Ng4 8. d4
exd4 9. Na4 Qa5 10. Nxc5 Qxc5 11. Qxd4 Qxd4 12. Nxd4 g6 13. f4 Na6 14. a3 Nc7
15. b4 Ne6 16. Nb3 b6 17. h3 Nf6 18. e5 Nh5 19. Kh2 Ba6 20. b5 Bb7 21. g4 Nhg7
22. f5 Nd8 23. f6 Nge6 24. a4 cxb5 25. Ba3 Re8 26. Bxb7 Nxb7 27. cxb5 Nec5 28.
Nxc5 bxc5 29. Rad1 Red8 30. a5 Rac8 31. Rd5 d6 32. a6 Na5 33. Rfd1 Nc4 34. Bxc5
Re8 35. Bxa7 Nxe5 36. Rxd6 Rc2+ 37. Kh1 Nf3 38. Bg1 h5 39. Rd8 Rxd8 40. Rxd8+
Kh7 41. a7 Rc1 42. Rh8+ Kxh8 43. a8=Q+ Kh7 44. Qxf3 hxg4 45. hxg4 Rb1 46. Qh3+
Kg8 47. Qh6 1-0

[Event "XXIV Miedzynarodowe Mistrzostwa Polski Duchowienstwa w szachach klasycznych"]
[Site "AKSiM w Toruniu ul. Droga Starotorunska 3"]
[Date "1899-12-30"]
[Round "3.8"]
[White "Kuzio, Andrzej"]
[Black "Drazek, Dariusz"]
[Result "0-1"]
[WhiteTitle "II"]
[BlackTitle "I"]
[WhiteElo "1664"]
[BlackElo "1812"]

1. e4 c6 2. d4 d5 3. exd5 cxd5 4. c4 Nf6 5. Nf3 Nc6 6. Be2 Bg4 7. O-O dxc4 8. Be3
e6 9. Nc3 Bd6 10. Bxc4 O-O 11. h3 Bh5 12. a3 Rc8 13. Be2 a6 14. Rc1 Bb8 15. g3
Ba7 16. g4 Bg6 17. g5 Nd5 18. Nxd5 Qxd5 19. Qd2 Bh5 20. Nh2 Bxe2 21. Qxe2 Nxd4
22. Qg4 Rxc1 23. Rxc1 Rd8 24. Bxd4 Bxd4 25. Rc2 Bb6 26. h4 Qd1+ 27. Qxd1 Rxd1+
28. Kg2 Rd8 29. Kf1 f6 30. gxf6 gxf6 31. Ke2 Kf7 32. Ng4 h5 33. Ne3 Rd4 34. Rc4
Rxc4 35. Nxc4 Bc7 36. a4 b5 37. axb5 axb5 38. Na3 b4 39. Nc2 Bd6 40. Kd3 Kg6 41.
Kc4 Kf5 42. Nxb4 Kg4 43. Nd3 Kxh4 44. b4 Kg4 0-1

[Event "XXIV Miedzynarodowe Mistrzostwa Polski Duchowienstwa w szachach klasycznych"]
[Site "AKSiM w Toruniu ul. Droga Starotorunska 3"]
[Date "1899-12-30"]
[Round "3.9"]
[White "Domaraczenko, Krzysztof"]
[Black "Rembecki, Robert"]
[Result "0-1"]
[WhiteTitle "II"]
[BlackTitle "II"]
[WhiteElo "1510"]
[BlackElo "1506"]

1. e4 c5 2. Nf3 Nc6 3. Bc4 d6 4. h3 Nf6 5. d3 g6 6. O-O Bg7 7. Nc3 O-O 8. Bg5 a6
9. a4 Nd7 10. Rb1 Nce5 11. Ba2 Nxf3+ 12. Qxf3 Ne5 13. Qd1 Be6 14. Nd5 Nc6 15.
c3 Bxd5 16. Bxd5 Qd7 17. Re1 e6 18. Ba2 b5 19. axb5 axb5 20. Ra1 b4 21. Qc2 Rfb8
22. Bd2 Rxa2 23. Qb1 Rxa1 24. Qxa1 Qb7 25. c4 Ra8 26. Qb1 Nd4 27. Bf4 e5 28. Be3
Nc6 29. b3 Qa6 30. Qb2 Qa3 31. Qc2 Na5 32. Rb1 Nc6 33. Bc1 Qa2 34. Rb2 Qa6 35.
Rb1 Nd4 36. Qd1 Qc8 37. Bg5 f6 38. Be3 Ra3 39. Bc1 Ra2 40. Bb2 f5 41. exf5 Qxf5
42. Kf1 e4 43. dxe4 Qxe4 44. f3 Qe6 45. Qd3 Qf5 46. Qd1 Qf4 47. Qe1 Ra8 48. Rd1
Qe5 49. Qf2 Qe6 50. Re1 Qf5 51. Qg3 Be5 52. Qf2 Qd3+ 53. Kg1 Qxb3 54. f4 Bg7 55.
Kh1 Qxc4 56. Rc1 Qe2 57. Bxd4 Qxf2 58. Bxf2 Ra1 59. Rxa1 Bxa1 60. Be1 b3 0-1